Hedwig von Schlesien
| Titel: | Hedwig von Schlesien : ein starkes Weib ; Roman / Renata Schumann |
|---|---|
| Verfasser: | |
| Ausgabe: | Überarb. Neuauflage |
| Veröffentlicht: | Augsburg : Sankt-Ulrich-Verlag, 2007 |
| Umfang: | 304 Seiten ; 22 cm |
| Format: | Buch |
| Sprache: | Deutsch |
| Frühere/Spätere Titel: | Frühere Auflage: Schumann, Renata. Ein @starkes Weib |
| ISBN: | 9783867440035 ; 3867440034 |
| Hinweise zum Inhalt: |
Inhaltstext
Kurzbeschreibung |
alg: 18576443 001A $06000:23-04-07 001B $01999:27-07-24 $t18:47:06.000 001D $00030:08-11-12 001U $0utf8 001X $00 002@ $0Aau 002C $aText $btxt $2rdacontent 002D $aohne Hilfsmittel zu benutzen $bn $2rdamedia 002E $aBand $bnc $2rdacarrier 003@ $0185764436 003O $0162460134 $aOCoLC 004A $A978-3-86744-003-5 $fPp. : EUR 18.90 (DE), EUR 19.50 (AT), sfr 33.00 004A $03-86744-003-4 $fPp. : EUR 18.90 (DE), EUR 19.50 (AT), sfr 33.00 004K $09783867440035 006G $0982412215 006T $007,N04,0359 006U $007,A13,1990 $f20061218 007A $0982412215 $aDNB 009P $qtext/html $A2 $3Inhaltstext $uhttp://deposit.dnb.de/cgi-bin/dokserv?id=2893961&prov=M&dok_var=1&dok_ext=htm 009P $qtext/html $A2 $3Kurzbeschreibung $uhttp://www.suv.de 010@ $ager 011@ $a2007 $n2007 013D $71071854844 $8Fiktionale Darstellung [Tsz] $9359645615 017A $asf 021A $aHedwig von Schlesien $dein starkes Weib ; Roman $hRenata Schumann 028A $BVerfasser $#Szuman-Fikus, Renata $#Schumann-Rotscheidt, Renata $#Rotscheidt, Renata Schumann- $4aut $7113084390 $8Schumann, Renata$Z1934-2012 [Tp1] $9147504732 032@ $aÜberarb. Neuauflage 033A $pAugsburg $nSankt-Ulrich-Verlag 034D $a304 Seiten 034I $a22 cm 039E $aFrühere Auflage $bf $tEin @starkes Weib $lSchumann, Renata 044K $qDNB $RHeinrich $RHeinrich $RMechthild $#Hedwig$#Hedwig $#Hedwig $#Hedwig $#Hedwige $#Hedvigis $#Hedvigis $#Hedwig $#Jadwiga $#Hedwig $#Hedwigis $#Hedwig $#Hedvika Slezská $#Jadwiga Śląska $#Sankt Hedewig $#Hedewig $7118547631 $8$PHedwig$lSchlesien, Herzogin, Heilige$Z1174-1243 [Tp1] $9086888668 045E $c830 $cB 045F $a900.9438509021 $eDDC23BSB 045F/01 $a900 045F/03 $f09021 045F/03 $f09022 045F/03 $g4385 045G $a800 $eDDC23BSB 045G/01 $a800 045G/03 $g4385 lok: 18576443 3 101B $008-11-12 $t14:14:58.000 101C $008-11-12 101U $0utf8 145S/01 $a004 exp: 18576443 3 1 #EPN 201B/01 $008-11-12 $t14:14:58.000 201C/01 $005-11-12 201U/01 $0utf8 203@/01 $0652735428 208@/01 $a08-11-12 $bzAa 209A/01 $a89.858.45 $du $f000 $h89 858 45 $x00 209G/01 $a89858453 $x00 247C/01 $8601000-3 <30>Frankfurt, Universitätsbibliothek J. C. Senckenberg, Zentralbibliothek (ZB) $9102598258 lok: 18576443 24 101B $012-06-14 $t08:11:11.000 101C $012-06-14 101U $0utf8 145Z/01 $a14 7 C 145Z/02 $a14 10 F 145Z/03 $a14 7 W exp: 18576443 24 1 #EPN 201B/01 $012-06-14 $t09:47:07.000 201C/01 $012-06-14 201U/01 $0utf8 203@/01 $0732967031 208@/01 $a12-06-14 $bz 209A/01 $a14.05676 $du $f050 $h14 05676 $x00 209C/01 $a14.05676 K $h14 05676 K 209G/01 $a73416043 $x00 220C/01 $ahae 244Z/01 $#Hedwig $#Hedwig $#Hedwig $#Hedwig $#Hedwige $#Hedvigis $#Hedvigis $#Hedwig $#Jadwiga $#Hedwig $#Hedwigis $#Hedwig $#Hedvika Slezská $#Jadwiga Śląska $#Sankt Hedewig $#Hedewig $7118547631 $8--Tp1--$PHedwig$lSchlesien, Herzogin, Heilige$Z1174-1243 $x01 $9086888668 247C/01 $8358050-7 Marburg, Bibliothek des Herder-Instituts Marburg $9102600961 lok: 18576443 78 exp: 18576443 78 1 #EPN 201B/01 $003-02-26 $t17:20:37.000 201C/01 $003-02-26 201U/01 $0utf8 203@/01 $01333397070 208@/01 $a03-02-26 $be 209A/01 $a/ $f000 $x00 209A/01 $ab*p $x01 209B/01 $a3 $x05 220C/01 $apgar 244Z/01 $#Generalgouvernement Polen $#Polska $#Rzeczpospolita Polska $#Polska Rzeczpospolita Ludowa $#Poland $#Pologne $#République Polonaise $#Generalne Gubernatorstwo w Polsce $#Polish People's Republic $#Polska Rzeczpospolita Polen $#PRL $#RP $#Polen Generalgouvernement $#Polska Generalgouvernement $#Besetzte Polnische Gebiete $#Besetztes Gebiet in Polen $#Okupowane Polskie Obszary $#Obszary Okupowane w Polsce $#Volksrepublik Polen $#Polska Rosyjska $#Republic Polen $#Respublika Pol'ša $#Pol'skaja Narodnaja Respublika $#République de Pologne $#Polen Links der Weichsel $#Polska po Lewej Stronie Wisły $#Lenkija $#Polija $#Gubernija Carstva Pol'skago $#Republik Polen $74046496-9 $8--Tg1--Polen $x01 $9085129801 244Z/01 $#Schlesien $#Schlesien $#Herzogtum Schlesien $#Herzogtum Schlesien Schlesien $#Provinz Schlesien $#Śla̜sk $#Slezsko $#Silesia $74052678-1 $8--Tg1--Schlesien $x02 $9085146781 247C/01 $82080>Marburg/Lahn, Herder-Institut, Forschungsbibliothek, Bibliographieportal $9336309341
| LEADER | 00000cam a2200000 c 4500 | ||
|---|---|---|---|
| 001 | 185764436 | ||
| 003 | DE-603 | ||
| 005 | 20240727184706.0 | ||
| 007 | tu | ||
| 008 | 070423s2007 xx |||| | u00||u|ger | ||
| 015 | |a 07,A13,1990 |z 07,N04,0359 |2 dnb | ||
| 016 | 7 | |2 DE-101 |a 982412215 | |
| 020 | |a 9783867440035 |c Pp. : EUR 18.90 (DE), EUR 19.50 (AT), sfr 33.00 | ||
| 020 | |a 3867440034 |c Pp. : EUR 18.90 (DE), EUR 19.50 (AT), sfr 33.00 | ||
| 024 | 3 | |a 9783867440035 | |
| 035 | |a (DE-599)DNB982412215 | ||
| 035 | |a (OCoLC)162460134 | ||
| 040 | |a DE-603 |b ger |c DE-603 |d DE-603 | ||
| 041 | |a ger | ||
| 082 | 0 | 4 | |8 1\u |a 900.9438509021 |q DE-101 |2 23/BSB |
| 083 | 0 | |8 2\u |a 800 |q DE-101 |2 23/BSB | |
| 084 | |a 830 |a B |q DE-101 |2 sdnb | ||
| 085 | |8 1\u |b 900 | ||
| 085 | |8 1\u |z 1 |s 09021 | ||
| 085 | |8 1\u |z 1 |s 09022 | ||
| 085 | |8 1\u |z 2 |s 4385 | ||
| 085 | |8 2\u |b 800 | ||
| 085 | |8 2\u |z 2 |s 4385 | ||
| 090 | |a b | ||
| 100 | 1 | |a Schumann, Renata |d 1934-2012 |e Verfasser |4 aut |0 (DE-603)147504732 |0 (DE-588)113084390 |2 gnd | |
| 245 | 0 | 0 | |a Hedwig von Schlesien |b ein starkes Weib ; Roman |c Renata Schumann |
| 250 | |a Überarb. Neuauflage | ||
| 264 | 1 | |a Augsburg |b Sankt-Ulrich-Verlag |c 2007 | |
| 300 | |a 304 Seiten |c 22 cm | ||
| 336 | |a Text |b txt |2 rdacontent | ||
| 337 | |a ohne Hilfsmittel zu benutzen |b n |2 rdamedia | ||
| 338 | |a Band |b nc |2 rdacarrier | ||
| 600 | 0 | 7 | |a Hedwig |c Schlesien, Herzogin, Heilige |d 1174-1243 |0 (DE-588)118547631 |0 (DE-603)086888668 |2 gnd |
| 655 | 7 | |a Fiktionale Darstellung |2 gnd-content |0 (DE-588)1071854844 |0 (DE-603)359645615 | |
| 780 | 0 | 0 | |i Frühere Auflage |a Schumann, Renata |t Ein starkes Weib |
| 856 | 4 | 2 | |q text/html |u http://deposit.dnb.de/cgi-bin/dokserv?id=2893961&prov=M&dok_var=1&dok_ext=htm |3 Inhaltstext |
| 856 | 4 | 2 | |q text/html |u http://www.suv.de |3 Kurzbeschreibung |
| 924 | 0 | |9 30 |a (DE-603)652735428 |b DE-30 |c HES |d c |g 89.858.45 | |
| 924 | 0 | |9 Mb 50 |a (DE-603)732967031 |b DE-Mb50 |c HES |d c |g 14.05676 | |
| 924 | 0 | |9 2080 |a (DE-603)1333397070 |b DE-2080 |c HES |d d |g / | |


